[Event "XXVII RUS-chT Premier 2020"]
[Site "Sochi"]
[Date "2020.11.22"]
[Round "4.4"]
[White "Esipenko, Andrey"]
[Black "Sakaev, Konstantin"]
[Result "1-0"]
[WhiteElo "2683"]
[BlackElo "2612"]
[Annotator "TA"]
[PlyCount "83"]
[EventDate "2020.11.19"]
[EventType "team-tourn"]
[EventCountry "RUS"]
[SourceTitle "playchess.com"]
[Source "ChessBase"]
[SourceQuality "1"]

{[%evp 17,83,6,10,8,30,14,15,20,25,29,32,16,42,18,33,28,28,28,23,27,28,42,54,54,50,54,93,90,100,56,61,62,49,24,33,21,106,111,116,105,121,141,150,112,114,84,90,84,93,90,193,193,276,272,440,440,420,410,588,580,559,559,628,591,29994,29995,29995,29996]} 1. e4 c5 2. Nf3 d6 3. d4 cxd4 4. Nxd4 Nf6 5. Nc3 a6 6. Be2 e5 7. Nb3 Be7 8. O-O O-O 9. Qd3 Be6 10. Bd2 {B92: Sicilian Najdorf: 6 Be2.} Nbd7 {[%cal Bb8d7,Bd7f6,Bf6e4][%mdl 32] is currently scoring better than 10...Nc6.} 11. Nd5 Bxd5 12. exd5 {The position is equal.} a5 13. a4 {[#]} Ne8 $146 ({Predecessor:} 13... g6 14. Bh6 Re8 15. c4 Bf8 16. Be3 Rc8 17. Nd2 Nc5 18. Qa3 {0-1 (41) Findlay,I (2263)-Raznikov,D (2498) Irving 2018}) 14. Qh3 Ndf6 15. Rfd1 g6 16. Bh6 Ng7 17. Nd2 Qc7 18. Nc4 Rfe8 19. g4 Ne4 20. Qg2 Nc5 21. b3 Nd7 22. Kh1 Nb6 23. Ne3 Qd8 24. Bb5 Rf8 $1 25. Nf5 Bf6 $1 26. Rg1 Nxf5 ({Don't blunder} 26... gxf5 $2 27. gxf5 Nc8 28. Bxg7 $18) (26... Kh8 $1 $11) 27. gxf5 $16 (27. Bxf8 $2 Nh4 $19) 27... Bg7 28. Bg5 $36 {[%mdl 2048] White is in control.} ({But not} 28. fxg6 $6 Bxh6 29. g7 Re8 $1 $11 {[%mdl 512]}) 28... Bf6 {White should prevent ...Bxg5.} 29. Be3 Kh8 30. Bd3 {[%cal Rf5g6]} g5 31. Be4 Rg8 32. Qh3 Nd7 33. Qh5 Rg7 {[#]} (33... Qf8 $16 {keeps fighting.}) 34. h4 $1 $18 {[%cal Rh4g5]} gxh4 (34... g4 {was worth a try.}) 35. Bh6 Rxg1+ $2 (35... Rc8 36. Bxg7+ Bxg7 37. Qxf7 Bh6) 36. Rxg1 Qe8 {[#]} 37. Bd3 $1 e4 (37... Nf8 $142 38. Qg4 Ng6 39. fxg6 hxg6) 38. Bb5 e3 39. Bxd7 Qe4+ 40. f3 Qe5 41. Qxf7 e2 42. Bf8 {Weighted Error Value: White=0.06/Black=0.37} 1-0

[Event "XXVII RUS-chT Premier 2020"]
[Site "Sochi"]
[Date "2020.11.22"]
[Round "4.5"]
[White "Ponkratov, Pavel"]
[Black "Inarkiev, Ernesto"]
[Result "1-0"]
[WhiteElo "2625"]
[BlackElo "2661"]
[Annotator "TA"]
[PlyCount "79"]
[EventDate "2020.11.19"]
[EventType "team-tourn"]
[EventCountry "RUS"]
[SourceTitle "playchess.com"]
[Source "ChessBase"]
[SourceQuality "1"]

{[%evp 9,79,10,26,20,0,0,21,29,46,42,42,41,107,97,274,277,318,323,313,307,326,328,309,311,297,311,321,293,276,269,287,290,291,282,268,285,293,269,281,268,278,258,255,249,288,277,343,343,343,323,327,329,431,447,402,401,509,506,456,641,1024,1545,1370,1278,29967,29969,5672,6099,1690,508,1668,1640]} 1. Nf3 d5 2. c4 e6 3. g3 Nf6 4. Bg2 dxc4 5. Qa4+ Bd7 6. Qxc4 {A13: English Opening: 1...e6.} c5 7. Ne5 Qc7 8. d4 {The position is equal.} Bd6 {[#]} 9. Na3 $146 ({Predecessor:} 9. O-O O-O 10. Rd1 Be8 11. Be3 Na6 12. Nc3 Rd8 13. f4 Bxe5 14. dxe5 Ng4 15. Rxd8 Qxd8 {1-0 (41) Mareco,S (2625)-Christiansen,J (2410) Stockholm 2016}) 9... a6 10. Bf4 b5 {[#]} (10... Nd5 $14) 11. Qc3 $1 $16 Ra7 $2 {[#]} (11... Bc6 $16 12. Nxc6 Nxc6) 12. dxc5 $1 $18 Qxc5 13. Qxc5 Bxc5 14. Nd3 $1 {[%csl LRb8,LRc5][%mdl 64] Discovered Attack} e5 15. Bxe5 ({Weaker is} 15. Nxc5 exf4 16. Nxd7 (16. gxf4 Rc7 $14) 16... Rxd7 $14) 15... Nc6 16. Bxf6 (16. Nxc5 Nxe5 17. O-O Bc6 $16) 16... Bxa3 17. Bxg7 ({Not} 17. bxa3 gxf6 18. Rc1 Ne5 $16) 17... Rg8 18. Rc1 ({Don't do} 18. bxa3 Rxg7 19. Nf4 Na5 $18) 18... Rxg7 19. Bxc6 Bd6 20. Bxd7+ Kxd7 21. O-O Rg8 22. Rfd1 Re8 23. Nc5+ Ke7 24. Rc3 {Hoping for Re3+.} Rd8 25. Re3+ Kf8 26. Red3 Ke7 27. Kg2 Bc7 28. Rd7+ Ke8 29. R1d3 a5 30. Kf3 a4 31. Kg4 b4 32. b3 a3 33. h4 h6 34. h5 (34. Kf3 $142) 34... Rc8 35. Re3+ Kf8 {[#]} 36. Rf3 $1 Bb6 37. Rfxf7+ Kg8 38. Rg7+ {White is clearly winning.} Kh8 39. Rh7+ {[%mdl 64] Double Attack} Kg8 {intending ...Rxd7.} 40. Ne4 {White took control after the opening.  Weighted Error Value: White=0.04/Black=0.49} 1-0

[Event "XXVII RUS-chT Premier 2020"]
[Site "Sochi"]
[Date "2020.11.22"]
[Round "4.6"]
[White "Sarana, Alexey"]
[Black "Goganov, Aleksey"]
[Result "1/2-1/2"]
[WhiteElo "2636"]
[BlackElo "2602"]
[Annotator "TA"]
[PlyCount "66"]
[EventDate "2020.11.19"]
[EventType "team-tourn"]
[EventCountry "RUS"]
[SourceTitle "playchess.com"]
[Source "ChessBase"]
[SourceQuality "1"]

{[%evp 11,66,17,25,18,25,8,8,9,42,10,6,0,0,0,18,0,0,0,0,-21,-17,-42,-39,-40,-40,-51,0,0,0,0,0,0,11,0,0,0,0,0,0,0,0,0,0,0,0,0,0,0,0,0,0,0,0,0,0,0,0]} 1. d4 Nf6 2. c4 e6 3. Nf3 d5 4. Nc3 Nbd7 5. Bg5 h6 6. Bh4 Be7 7. cxd5 {D53: Queen's Gambit Declined: 4 Bg5 Be7: Early deviations.} Nxd5 8. Bxe7 Qxe7 9. Rc1 {[#]} c6 $146 ({Predecessor:} 9... Nxc3 10. Rxc3 c6 11. e4 e5 12. d5 Qb4 13. Qc2 cxd5 14. exd5 O-O 15. Bc4 e4 {0-1 (71) Bukavshin,I (2648)-Inarkiev,E (2664) Sochi 2015}) 10. Qd2 O-O 11. e4 Nxc3 12. Qxc3 e5 13. Nxe5 c5 14. Nxd7 Bxd7 15. f3 cxd4 16. Qxd4 Rac8 17. Rc3 Rxc3 18. bxc3 Rd8 (18... Be6 $1 $15 19. Be2 (19. Qxa7 Rc8 $11) 19... Qa3) 19. Qxa7 $11 {The position is equal.} Qg5 {...Bb5 is the strong threat.} 20. Kf2 $1 Bb5 21. Bxb5 Qxb5 {[%mdl 4096] Endgame KQR-KQR} 22. Qe3 Rd3 23. Qf4 Rxc3 {aiming for ...Rc2+.} 24. Rd1 Rc2+ 25. Kg3 Rxg2+ {[%mdl 64] [#] Decoy} 26. Kxg2 {Hoping for Rd8+.} Qe2+ {[%mdl 64] Double Attack} 27. Kg3 {Intending Rd8+ and mate.} Qxd1 {KQ-KQ} 28. Qb8+ Kh7 29. Qxb7 Qg1+ 30. Kh3 Qf1+ {[%mdl 64] [#] Double Attack} 31. Kg3 Qg1+ 32. Kh3 Qf1+ {[%mdl 64] Double Attack} 33. Kg3 Qg1+ {Weighted Error Value: White=0.05/Black=0.05} 1/2-1/2

[Event "XXVII RUS-chT Premier 2020"]
[Site "Sochi"]
[Date "2020.11.22"]
[Round "4.7"]
[White "Artemiev, Vladislav"]
[Black "Triapishko, Alexandr"]
[Result "1/2-1/2"]
[WhiteElo "2708"]
[BlackElo "2506"]
[Annotator "TA"]
[PlyCount "101"]
[EventDate "2020.11.19"]
[EventType "team-tourn"]
[EventCountry "RUS"]
[SourceTitle "playchess.com"]
[Source "ChessBase"]
[SourceQuality "1"]

{[%evp 9,101,18,24,7,23,3,4,10,11,11,7,11,25,16,8,16,29,36,43,19,25,31,30,12,22,11,8,0,17,23,33,13,24,0,0,0,0,0,0,0,30,0,0,0,0,0,0,0,0,0,0,0,0,0,0,0,0,0,0,0,0,0,0,-22,0,-62,-22,-22,-37,-54,-35,-72,0,-46,-54,-43,-8,-8,-8,-8,-21,-67,-67,-72,-67,-85,-95,-108,-105,-110,-110,-82,-62,-615]} 1. e4 c5 2. Nf3 Nc6 3. Nc3 e6 4. d4 cxd4 5. Nxd4 Nf6 6. Qd3 {B45: Sicilian Four Knights.} Qc7 7. Nxc6 bxc6 8. Qg3 {The position is equal.} Qxg3 9. hxg3 d5 10. Bd3 {[#]} g6 $146 ({Predecessor:} 10... Rb8 11. f3 Nd7 12. b3 Bb4 13. Bd2 Nc5 14. Be2 dxe4 15. a3 e3 16. axb4 exd2+ 17. Kxd2 Rxb4 18. Rxa7 {1-0 (59) Tsydypov,Z (2525)-Iljiushenok,I (2516) Sochi 2018}) 11. Bf4 Bg7 12. Bd6 Bf8 13. Be5 Bg7 14. exd5 exd5 15. O-O-O O-O 16. Rhe1 Be6 17. Ba6 Bc8 18. Bf1 Be6 19. f3 h5 20. Ne2 {[%cal Bc3e2,Be2d4,Bd4b3,Bb3c5][%mdl 32]} a5 21. Nd4 Bd7 22. Nb3 a4 23. Nc5 {[#] And now Bxf6 would win.} Bf5 24. Bd3 Bxd3 25. cxd3 Rfd8 26. Rd2 Nd7 27. Bxg7 Kxg7 28. Rc2 Nxc5 29. Rxc5 $11 {[%mdl 4096] Endgame KRR-KRR} Rd6 30. Kc2 Kf6 31. Kc3 Ra6 32. Kb4 Rb6+ 33. Ka3 Ra6 34. Rc2 Re6 35. Rce2 c5 36. f4 Ke7 37. Re5 (37. Rxe6+ $11 fxe6 38. b3) 37... Kd6 38. R1e2 Ra7 39. R5e3 Ra8 40. Re5 Ra7 41. R5e3 Rxe3 42. Rxe3 $15 {KR-KR} Rb7 43. Re8 $1 Rb4 44. Rd8+ $1 Ke6 45. Re8+ Kd7 $1 {[%cal Rd7e8]} 46. Re3 Kd6 47. Rf3 Rd4 48. b3 axb3 49. Kxb3 Rb4+ 50. Kc2 Ra4 51. Kc3 $2 {[%mdl 40960] Weighted Error Value: White=0.10/Black=0.08. An unexpected result.} (51. Kb3 $15 Rb4+ 52. Kc2) 1/2-1/2

[Event "XXVII RUS-chT Premier 2020"]
[Site "Sochi"]
[Date "2020.11.22"]
[Round "4.8"]
[White "Kardashevskiy, Evgeny"]
[Black "Timofeev, Artyom"]
[Result "1/2-1/2"]
[WhiteElo "2436"]
[BlackElo "2585"]
[Annotator "TA"]
[PlyCount "56"]
[EventDate "2020.11.19"]
[EventType "team-tourn"]
[EventCountry "RUS"]
[SourceTitle "playchess.com"]
[Source "ChessBase"]
[SourceQuality "1"]

{[%evp 21,56,35,39,12,16,0,0,0,0,-2,16,-10,-16,-79,-82,-85,-72,-77,-82,-92,-86,-99,-65,-72,-72,-62,-62,-84,-37,-98,0,-85,0,-104,0,-78,0]} 1. d4 d5 2. c4 e6 3. Nf3 c5 4. cxd5 exd5 5. Nc3 Nc6 6. g3 Nf6 7. Bg2 Be7 8. O-O O-O 9. Bg5 c4 10. Ne5 Be6 11. f4 Ng4 12. Bxe7 {D34: Tarrasch Defence: 6 g3 Nf6 7 Bg2 Be7.} (12. Nxg4 {is interesting.} Bxg4 13. Bxd5 Bh3 14. Rf2 Bxg5 15. fxg5 Qxg5 16. e4) 12... Nxe7 13. Nxg4 Bxg4 14. Qd2 {The position is equal.} Qd7 {[#]} 15. Rfe1 $146 ({Predecessor:} 15. b3 Rac8 16. b4 Rfe8 17. Rae1 Rcd8 18. a3 Bh3 19. Bxh3 Qxh3 20. e4 dxe4 21. Rxe4 {1-0 (59) McKay,R (2385)-Peek,M (2345) Edinburgh 1988}) 15... b5 16. b4 a5 {[%cal Ba7a5,Ba5a4][%mdl 32]} 17. Reb1 {[#]} (17. a3 $11 {keeps the balance.}) 17... Bf5 $1 $17 18. Rb2 {[#]} a4 $1 19. a3 Ra6 20. Re1 Rd6 21. Qe3 g6 22. Qf2 Kg7 23. Rd2 Rd8 24. Red1 Bg4 25. Re1 ({White should try} 25. Bf3 $15) 25... Bf5 26. Red1 $1 Bg4 27. Re1 Bf5 28. Red1 $1 Bg4 {Weighted Error Value: White=0.13/Black=0.22} (28... Re6 $17) 1/2-1/2

[Event "XXVII RUS-chT Premier 2020"]
[Site "Sochi"]
[Date "2020.11.22"]
[Round "4.9"]
[White "Gaifullin, Artur"]
[Black "Musalov, Ruslan"]
[Result "1/2-1/2"]
[WhiteElo "2460"]
[BlackElo "2348"]
[Annotator "TA"]
[PlyCount "91"]
[EventDate "2020.11.19"]
[EventType "team-tourn"]
[EventCountry "RUS"]
[SourceTitle "playchess.com"]
[Source "ChessBase"]
[SourceQuality "1"]

{[%evp 19,91,51,54,47,51,41,39,38,37,41,29,32,41,30,34,18,32,29,38,42,37,35,39,17,58,58,60,27,50,56,57,68,36,43,102,91,121,55,57,54,52,36,54,42,40,28,28,18,132,157,157,157,156,157,157,157,157,127,127,8,8,8,8,8,8,0,0,0,0,0,0,0,0,0]} 1. d4 Nf6 2. Nf3 e6 3. g3 c5 4. Bg2 Nc6 5. O-O Be7 6. c4 cxd4 7. Nxd4 a6 8. Nc3 Qc7 9. b3 O-O 10. Bb2 Rb8 11. Rc1 {A33: Symmetrical English: 2 Nf3 Nf6 3 d4 cxd4 4 Nxd4 e6 5 Nc3 Nc6.} Rd8 {[#]} 12. a3 $146 ({Predecessor:} 12. Nd5 exd5 13. cxd5 Qa5 14. Nf5 Bf8 15. Nh6+ gxh6 16. Bxf6 Ne7 17. d6 Ng6 18. b4 {1-0 (33) Vallejo Pons,F (2707)-Domingo Nunez,A (2373) Linares 2018}) 12... Nxd4 13. Qxd4 {White is slightly better.} b6 14. e4 d6 15. Rfd1 Bb7 16. b4 Bf8 17. f4 a5 18. Nb5 Qe7 19. Qe3 axb4 20. axb4 e5 21. f5 d5 22. exd5 {aiming for d6.} Qxb4 23. Ba3 Bc5 24. Qxc5 $1 {[%mdl 64] [#] X-Ray Attack} Qxc5+ 25. Bxc5 bxc5 26. Ra1 g6 (26... Bc8 $14) 27. fxg6 $16 Bxd5 28. Bxd5 (28. Rxd5 $6 Nxd5 29. Bxd5 Rxd5 $14) (28. cxd5 $16 Rxb5 29. Ra6) 28... Nxd5 $14 29. gxf7+ Kxf7 30. Ra7+ Kg8 31. Rxd5 Rxd5 32. cxd5 Rxb5 {[%mdl 4096] Endgame KR-KR} 33. Re7 c4 (33... Rb1+ $11 {remains equal.} 34. Kg2 Rd1) 34. d6 $16 ({Don't take} 34. Rxe5 $6 Rc5 $14) 34... Kf8 35. Rxh7 {[#] Black must now prevent Rh8+.} Rd5 36. Rc7 Rxd6 37. Rxc4 Kf7 38. Rc2 Kf6 39. Kg2 (39. Kf2 $16) 39... e4 $1 $11 {The position is equal.} 40. h4 Ke5 41. h5 Kf5 42. Kh3 {Hoping for g4+.} e3 43. Rc1 Ke4 44. Kg4 e2 {White should prevent ...Rd1.} 45. Re1 Ke3 46. Kg5 $1 {Blacks defense is rewarded with a draw.  Weighted Error Value: White=0.14/Black=0.11} 1/2-1/2

[Event "XXVII RUS-chT Premier 2020"]
[Site "Sochi"]
[Date "2020.11.22"]
[Round "4.10"]
[White "Truskavetsky, Alexandr"]
[Black "Makhmutov, Rail"]
[Result "0-1"]
[WhiteElo "2399"]
[BlackElo "2442"]
[Annotator "TA"]
[PlyCount "80"]
[EventDate "2020.11.19"]
[EventType "team-tourn"]
[EventCountry "RUS"]
[SourceTitle "playchess.com"]
[Source "ChessBase"]
[SourceQuality "1"]

{[%evp 9,80,-15,8,10,19,10,19,2,16,16,16,10,15,14,12,25,60,27,50,50,58,45,47,45,78,72,76,75,76,0,0,6,43,0,-5,-33,0,-3,0,0,0,0,7,-76,-69,-52,-57,-84,-73,-131,0,-123,0,-103,-83,-177,-181,-178,-156,-238,-232,-267,-267,-448,-448,-448,-448,-448,-448,-448,-448,-441,-436]} 1. d4 Nf6 2. Nf3 d5 3. g3 Bg4 4. Bg2 e6 5. h3 Bh5 6. c4 {D02: 1 d4 d5 2 Nf3 sidelines, including 2...Nf6 3 g3 and 2...Nf6 3 Bf4.} c6 7. Qb3 Qb6 8. c5 {The position is equal.} Qa6 9. Nc3 {[#]} b6 $146 ({Predecessor:} 9... Nbd7 10. O-O Be7 11. Re1 b6 12. cxb6 axb6 13. e4 Nxe4 14. Nxe4 dxe4 15. Rxe4 Nf6 {½-½ (31) Burmakin,V (2615)-Matamoros Franco,C (2515) Benidorm 2008}) 10. cxb6 axb6 11. g4 Bg6 12. Ne5 $36 {[%mdl 2048] White has the initiative.} Nfd7 {White should prevent ...Nxe5.} 13. Nxg6 hxg6 14. O-O Nf6 15. g5 Nh5 $1 16. e4 {[%cal Re4d5]} dxe4 17. Bxe4 Be7 18. Re1 Ra7 19. Bxg6 ({White should play} 19. Be3 $16) 19... fxg6 $11 20. Qxe6 Kd8 21. d5 (21. Qxg6 $5 {[%cal Rd4d5]} Rd7 22. Re6 $14) 21... Qc8 $1 22. Be3 Qxe6 23. Bxb6+ {[%mdl 64] [#] Double Attack} Kc8 24. Rxe6 (24. dxe6 Rb7 $17) 24... Ra6 $1 {[%cal Ra6b6]} 25. Be3 ({Don't play} 25. Rxe7 Rxb6 26. b3 Nf4 $17) 25... Bb4 26. d6 (26. Rc1 $11) 26... Bxc3 $17 27. bxc3 Nd7 28. c4 c5 29. Rb1 (29. a4 $142) 29... Rxa2 (29... Kd8 $17 30. a4 (30. Rxg6 Re8 $17) 30... Re8 31. Rxe8+ Kxe8) 30. Rb5 (30. Re7 $11 {remains equal.}) 30... Ra4 (30... Kd8 $17 {Hoping for ...Re8.} 31. Re7 Re8 32. Bxc5 Ra6 33. Rxe8+ Kxe8) 31. Re4 (31. Re7 $1 $11) 31... Ra6 32. Bxc5 (32. Re7 $17 {is a better defense.}) 32... Nxc5 $19 33. Rxc5+ Kd7 34. Re7+ (34. Rb5 $17) 34... Kxd6 35. Rce5 Nf4 36. Re3 $2 (36. c5+ Kc6 37. Re3) 36... Ra1+ {Black is clearly winning.} 37. Kh2 {[#]} Rxh3+ $1 {[%mdl 576] Deflection} 38. Rxh3 {Threatens to win with Rhe3.} Kxe7 39. Rb3 Ke6 40. Rb7 Rc1 {Weighted Error Value: White=0.34/Black=0.12} 0-1

[Event "XXVII RUS-chT Premier 2020"]
[Site "Sochi"]
[Date "2020.11.22"]
[Round "4.11"]
[White "Samusenko, Maksim"]
[Black "Alexeev, Alexey"]
[Result "1/2-1/2"]
[WhiteElo "2466"]
[BlackElo "2246"]
[Annotator "TA"]
[PlyCount "93"]
[EventDate "2020.11.19"]
[EventType "team-tourn"]
[EventCountry "RUS"]
[SourceTitle "playchess.com"]
[Source "ChessBase"]
[SourceQuality "1"]

{[%evp 9,93,0,0,0,0,0,0,0,0,0,0,-7,-6,-6,0,-6,-6,-3,8,0,11,10,17,17,17,14,21,-7,0,0,0,0,-8,-12,-12,-6,-13,-14,-27,-20,-16,-30,-25,-52,-40,-54,-43,-72,-54,-53,-67,-67,-35,-49,-39,-111,-107,-108,-93,-102,-12,-17,-14,-28,0,0,0,0,0,0,0,0,0,0,0,0,0,0,0,0,0,0,0,0,0,0]} 1. d4 {Metz Alekhine/Primel,D} d5 2. Nc3 Nf6 3. Bf4 c5 4. e3 cxd4 5. exd4 a6 6. Nf3 {B13: Caro-Kann: Exchange Variation and Panov-Botvinnik Attack.} Nc6 7. Ne5 Bd7 8. Be2 e6 9. a3 Qb6 10. Nxc6 Bxc6 11. Rb1 Be7 12. O-O O-O {[#]} 13. Re1 $146 ({Predecessor:} 13. Bd3 Rfd8 14. Ne2 Bb5 15. c3 Bxd3 16. Qxd3 Nd7 17. Qg3 Rdc8 18. Rfe1 a5 19. h4 {½-½ (40) Wirig,A (2481)-Shchekachev,A (2520) Metz 2013 EXT 2016 [Metz Alekhine/Primel,D]}) 13... Nd7 14. Bf3 Bf6 15. Ne2 Bb5 16. c3 Rfc8 17. Nc1 a5 18. a4 Bc4 19. Qd2 Ba6 20. Nd3 Qc6 21. Ra1 b5 22. axb5 Bxb5 23. Ne5 Nxe5 24. Bxe5 Bxe5 25. dxe5 a4 26. Re3 Qc5 27. Bd1 Rd8 28. Bc2 h6 (28... d4 $5 {[%cal Rd4e3]} 29. Rd1 Rac8 $11) 29. Rd1 a3 30. bxa3 Rxa3 31. Rg3 {[#] Qxh6 is the strong threat.} Kf8 32. Bb1 (32. Qd4 $15 Qxd4 33. cxd4) 32... Rc8 $17 {[%cal Ra3c3]} 33. Rc1 d4 {[%cal Rd4c3]} 34. c4 Rxg3 ({Better is} 34... Ra4 $17 35. Bd3 Bxc4) 35. hxg3 $11 Bc6 ({Reject} 35... Bxc4 $6 36. Ba2 $16) 36. Qf4 Ra8 37. Bg6 {[%csl Gg6][%cal Rf4f7] [#]The position is equal.} Be8 (37... Ra7 {looks sharper.} 38. g4 Kg8 39. Bd3 Qa3 40. Bf1 Rd7) 38. Bd3 Ra3 39. Rd1 Ra5 40. Re1 Bc6 41. Bf1 Ra8 42. Rd1 Rd8 43. g4 Kg8 44. Bd3 Ra8 45. Bf1 Rd8 46. Bd3 Ra8 47. Bf1 {Weighted Error Value: White=0.04/Black=0.08} 1/2-1/2

[Event "XXVII RUS-chT Premier 2020"]
[Site "Sochi"]
[Date "2020.11.22"]
[Round "4.12"]
[White "Pervakov, Sergey"]
[Black "Faizrakhmanov, Ramil"]
[Result "0-1"]
[WhiteElo "2067"]
[BlackElo "2450"]
[Annotator "TA"]
[PlyCount "146"]
[EventDate "2020.11.19"]
[EventType "team-tourn"]
[EventCountry "RUS"]
[SourceTitle "playchess.com"]
[Source "ChessBase"]
[SourceQuality "1"]

{[%evp 15,146,-2,4,-20,0,-20,0,-22,12,0,0,0,0,-13,-14,-23,-11,-22,0,-5,-6,-10,-8,-8,-7,-14,-10,-19,-15,-19,-18,-28,-26,-27,-24,-25,-21,-50,-49,-50,-49,-57,-44,-54,0,0,0,0,0,0,0,0,0,0,0,0,0,-1,0,0,0,-47,-8,-97,-91,-166,-27,-27,-27,-115,-127,-136,-147,-96,-27,-27,-27,-27,-27,-252,-252,-245,-243,-159,-199,-243,-192,-230,-225,-1295,-1003,-1947,-1910,-1379,-1378,-816,-74,-1485,-1216,-5077,-3563,-2769,-2645,-2142,-2022,-29955,-29961,-29958,-29963,-29959,-29964,-29956,-29963,-29970,-29972,-29971,-29974,-29974,-29975,-29975,-29976,-29976,-29977,-29977,-29978,-29978,-29979,-29980,-29981,-29981,-29982,-29982,-29983]} 1. d4 Nf6 2. Nf3 e6 3. Bf4 c5 4. e3 d5 5. c3 Nc6 6. Nbd2 Bd6 7. Bg3 O-O 8. Bd3 b6 9. O-O {D02: 1 d4 d5 2 Nf3 sidelines, including 2...Nf6 3 g3 and 2...Nf6 3 Bf4.} Bb7 10. Qe2 Re8 11. Rad1 {The position is equal.} e5 {...e4 is the strong threat.} (11... Bxg3 {feels hotter.} 12. hxg3 e5 13. Nxe5 Nxe5 14. dxe5 Rxe5 15. c4 Qc7) 12. dxe5 Nxe5 {[#]} 13. Nxe5 $146 ({Predecessor:} 13. Rfe1 Qc7 14. Nxe5 Bxe5 15. Nf3 Bxg3 16. hxg3 a6 17. Qc2 b5 18. b4 Ne4 19. Nd2 cxb4 20. cxb4 Qxc2 21. Bxc2 {0-1 (45) Hekimoglu,M (1386)-Kara,G (1876) Antalya 2020}) 13... Bxe5 14. Bxe5 Rxe5 15. Nf3 Re7 16. Ba6 Qc8 17. Bxb7 Qxb7 18. Qd3 g6 19. h3 Rd8 20. Rfe1 Red7 21. Qb5 Rd6 22. Qa4 $1 Qe7 23. Qf4 Ne4 24. Qh4 f6 25. Nd2 Kg7 26. Nxe4 dxe4 27. Rxd6 Rxd6 $11 {[%mdl 4096] Endgame KQR-KQR} 28. Qg4 Rd2 29. Qc8 Kh6 (29... Rxb2 $2 30. Rd1 $18) (29... Qd7 $15 30. Qxd7+ Rxd7) 30. a4 f5 (30... Rxb2 $6 31. Rd1 $18) 31. a5 bxa5 ({Don't play} 31... Rxb2 32. axb6 Rxb6 33. Qa8 $17) 32. Qb8 Rd6 (32... a4 {keeps more tension.} 33. Ra1 a3 34. Rxa3 Qh4 35. Qf4+ Qxf4 36. exf4 Rxb2 37. Rxa7 Rc2) 33. Ra1 Rb6 34. Qf4+ Kg7 35. Rxa5 Rxb2 36. h4 Rb6 {[#]} 37. h5 $1 {[%mdl 512]} a6 (37... gxh5 38. Qxf5) 38. h6+ Kf7 (38... Kf6 $5 {[%cal Rg6g5]} 39. g4 Rc6 $15) 39. Kh2 (39. g4 $11) 39... Ke6 $1 $17 40. Qg3 (40. g4 $17 {is a better defense.}) 40... Qd6 ({Better is} 40... g5 $19 {Strongly threatening ...Kd7.} 41. Ra1 Qd6) 41. Qxd6+ $11 Kxd6 {KR-KR} 42. c4 (42. g4 $1 $11 {was the only way to keep the balance.}) 42... g5 $1 $17 43. Kh3 Rc6 $1 44. g4 Ke5 ({Black should play} 44... f4 $1 $17 {[%cal Rf4e3] And now ...fxe3 would win.} 45. exf4 gxf4) 45. gxf5 $11 Kxf5 46. Kg3 g4 {Hoping for ...Kg5.} (46... Rxh6 $2 47. Rxc5+ Kf6 48. Rc6+ Kg7 49. Rxh6 $18) 47. Kg2 $2 {Black keeps a firm grip on the game.} (47. Ra4 $11 {and White is okay.}) 47... Kg6 $19 ({But not} 47... Rxh6 $2 48. Rxc5+ Kf6 49. Rc6+ Ke7 50. Rxh6 $18) 48. Kg3 Kg5 ({Not} 48... Kxh6 49. Kxg4 Rf6 50. Kg3 $11) 49. Ra1 Rxh6 50. Rd1 {White wants to play Rd5+.} Rf6 51. Rd5+ Rf5 52. Rd6 $2 (52. Rd8) 52... h5 53. Rxa6 h4+ 54. Kg2 h3+ 55. Kg1 {[#]} h2+ $1 {[%mdl 512]} 56. Kxh2 $2 {[%mdl 8192]} (56. Kh1 $17) 56... Rxf2+ 57. Kg3 Rf3+ {[%mdl 64] Double Attack} 58. Kg2 Rxe3 59. Rc6 Rc3 60. Rxc5+ Kf4 {Black mates.} 61. Rc8 {Cut Off at move 61} Rc2+ 62. Kf1 Kf3 {[%cal Rc2c1]} 63. Rf8+ Ke3 64. Rg8 Rxc4 65. Kg2 Kd3 66. Rxg4 e3 67. Rg8 e2 68. Rd8+ {[#]} Ke3 $1 69. Re8+ Kd2 70. Rd8+ Ke1 71. Ra8 Re4 72. Kf3 Re7 73. Rh8 Kd2 {Weighted Error Value: White=0.78/Black=0.28} 0-1

[Event "XXVII RUS-chT Premier 2020"]
[Site "Sochi"]
[Date "2020.11.22"]
[Round "4.13"]
[White "Demchenko, Anton"]
[Black "Andreikin, Dmitry"]
[Result "0-1"]
[WhiteElo "2626"]
[BlackElo "2726"]
[Annotator "TA"]
[PlyCount "72"]
[EventDate "2020.11.19"]
[EventType "team-tourn"]
[EventCountry "RUS"]
[SourceTitle "playchess.com"]
[Source "ChessBase"]
[SourceQuality "1"]

{[%evp 9,72,0,26,28,11,25,50,16,23,22,23,30,35,0,0,-20,-22,-24,-16,-29,-29,-30,-23,-29,-22,-30,-34,-41,-25,-40,-29,-32,-15,-60,-43,-74,0,-69,0,-81,-38,-37,-33,-50,-18,-91,-50,-118,-70,-59,-64,-82,-80,-67,-55,-66,-63,-109,-97,-461,-441,-461,-379,-1026,-937]} 1. d4 Nf6 2. Nf3 d5 3. Bf4 c5 4. e3 Nc6 5. Nbd2 Nh5 6. dxc5 {D02: 1 d4 d5 2 Nf3 sidelines, including 2...Nf6 3 g3 and 2...Nf6 3 Bf4.} Nxf4 7. exf4 g6 {[#]} 8. Bb5 $146 {White is slightly better.} ({Predecessor:} 8. c3 Bg7 9. g3 O-O 10. Bg2 b6 11. cxb6 Qxb6 12. Qb3 Qa5 13. O-O Rb8 14. Qc2 {½-½ (36) Harikrishna,P (2719)-Dubov,D (2699) chess24.com INT 2020}) 8... Bh6 9. g3 Bh3 10. Bf1 Bg4 11. Be2 Qa5 12. Nd4 {[#] aiming for Nxc6.} Bxe2 13. Nxe2 Qxc5 14. Nb3 Qc4 15. O-O Bg7 16. c3 O-O 17. Re1 e6 18. h4 b5 19. a3 a5 20. Rc1 Rfc8 21. h5 Qa4 22. Ra1 Qc4 23. Rc1 Qa4 24. Ra1 Rc7 25. hxg6 hxg6 26. Kg2 Rd8 27. f3 (27. Ng1 $11) 27... Rcc8 28. Rh1 (28. Nc5 $15 Qxd1 29. Rexd1) 28... d4 29. cxd4 b4 30. Qd3 bxa3 31. Rxa3 Qb4 {[#] ...a4 is the strong threat.} 32. Rc1 Qb6 33. Raa1 Rb8 {[%cal Rc6d4]} 34. Rc3 $2 {[%mdl 8192]} (34. Ra4 $17) 34... Nxd4 $19 35. Nbxd4 Bxd4 36. Rc2 $2 (36. b3 Bxc3 37. Qxc3 Qxb3 38. Qxb3 Rxb3 39. Rxa5) 36... Bxb2 {[%mdl 64] Discovered Attack.  Weighted Error Value: White=0.46/Black=0.16} 0-1